<?xml version="1.0" encoding="UTF-8"?>
<record
    xmlns:xsi="http://www.w3.org/2001/XMLSchema-instance"
    xsi:schemaLocation="http://www.loc.gov/MARC21/slim http://www.loc.gov/standards/marcxml/schema/MARC21slim.xsd"
    xmlns="http://www.loc.gov/MARC21/slim">

  <leader>05532nam a2200625 i 4500</leader>
  <controlfield tag="001">28786</controlfield>
  <controlfield tag="003">FlNmELB</controlfield>
  <controlfield tag="005">20241216220104.0</controlfield>
  <controlfield tag="006">m     o  d |      </controlfield>
  <controlfield tag="007">cr cnu||||||||</controlfield>
  <controlfield tag="008">210625s2002    ck     fob    000 0 spa d</controlfield>
  <datafield tag="020" ind1=" " ind2=" ">
    <subfield code="a">9789587752083</subfield>
    <subfield code="q">(e-book)</subfield>
  </datafield>
  <datafield tag="035" ind1=" " ind2=" ">
    <subfield code="a">(OCoLC)1261027926</subfield>
  </datafield>
  <datafield tag="040" ind1=" " ind2=" ">
    <subfield code="a">FINmELB</subfield>
    <subfield code="b">spa</subfield>
    <subfield code="e">rda</subfield>
    <subfield code="c">FINmELB</subfield>
  </datafield>
  <datafield tag="050" ind1=" " ind2="4">
    <subfield code="a">HM51</subfield>
    <subfield code="b">.E573 2002</subfield>
  </datafield>
  <datafield tag="080" ind1=" " ind2=" ">
    <subfield code="a">316</subfield>
  </datafield>
  <datafield tag="082" ind1="0" ind2="4">
    <subfield code="a">301</subfield>
    <subfield code="2">21</subfield>
  </datafield>
  <datafield tag="245" ind1="0" ind2="0">
    <subfield code="a">Ensayos sobre teor&#xED;a sociol&#xF3;gica :</subfield>
    <subfield code="b">(Durkheim, Weber, Marx) /</subfield>
    <subfield code="c">H&#xE9;sper Eduardo P&#xE9;rez Rivera (editor).</subfield>
  </datafield>
  <datafield tag="250" ind1=" " ind2=" ">
    <subfield code="a">Primera edici&#xF3;n.</subfield>
  </datafield>
  <datafield tag="264" ind1=" " ind2="1">
    <subfield code="a">Bogot&#xE1; :</subfield>
    <subfield code="b">Universidad Nacional de Colombia. Facultad de Ciencias Humanas. Departamento de Sociolog&#xED;a,</subfield>
    <subfield code="c">2002.</subfield>
  </datafield>
  <datafield tag="300" ind1=" " ind2=" ">
    <subfield code="a">1 recurso en l&#xED;nea (131 p&#xE1;ginas)</subfield>
  </datafield>
  <datafield tag="336" ind1=" " ind2=" ">
    <subfield code="a">texto</subfield>
    <subfield code="b">txt</subfield>
    <subfield code="2">rdacontent/spa</subfield>
  </datafield>
  <datafield tag="337" ind1=" " ind2=" ">
    <subfield code="a">computadora</subfield>
    <subfield code="b">c</subfield>
    <subfield code="2">rdamedia/spa</subfield>
  </datafield>
  <datafield tag="338" ind1=" " ind2=" ">
    <subfield code="a">recurso en l&#xED;nea</subfield>
    <subfield code="b">cr</subfield>
    <subfield code="2">rdacarrier/spa</subfield>
  </datafield>
  <datafield tag="490" ind1="1" ind2=" ">
    <subfield code="a">Colecci&#xF3;n sede ;</subfield>
    <subfield code="v">13</subfield>
  </datafield>
  <datafield tag="500" ind1=" " ind2=" ">
    <subfield code="a">Incluye perfil acad&#xE9;mico del editor y los autores en las p&#xE1;ginas finales.</subfield>
  </datafield>
  <datafield tag="504" ind1=" " ind2=" ">
    <subfield code="a">Incluye notas y citas bibliogr&#xE1;ficas a pie de p&#xE1;gina.</subfield>
  </datafield>
  <datafield tag="504" ind1=" " ind2=" ">
    <subfield code="a">Incluye referencias bibliogr&#xE1;ficas al final de algunos cap&#xED;tulos.</subfield>
  </datafield>
  <datafield tag="505" ind1="0" ind2="0">
    <subfield code="t">A prop&#xF3;sito de los cl&#xE1;sicos de la sociolog&#xED;a</subfield>
    <subfield code="r">H&#xE9;sper Eduardo P&#xE9;rez Rivera --</subfield>
    <subfield code="t">La concepci&#xF3;n de la vida religiosa en Durkheim : una cr&#xED;tica /</subfield>
    <subfield code="r">Fernando Uricoechea --</subfield>
    <subfield code="t">La cr&#xED;tica de Max Weber al historicismo : superaci&#xF3;n metodol&#xF3;gica de la concepci&#xF3;n Rickertiana de la comprensi&#xF3;n /</subfield>
    <subfield code="r">Luz Teresa G&#xF3;mez de Mantilla --</subfield>
    <subfield code="t">Modelo de uso de una hip&#xF3;tesis : el caso de Max Weber /</subfield>
    <subfield code="r">Alfonso Piza --</subfield>
    <subfield code="t">Las "tesis sobre Feuerbach" de Karl Marx /</subfield>
    <subfield code="r">Dario Mesa --</subfield>
    <subfield code="t">El concepto de estado en la obra de Marx 1842-1847 /</subfield>
    <subfield code="r">H&#xE9;sper Eduardo P&#xE9;rez Rivera.</subfield>
  </datafield>
  <datafield tag="520" ind1=" " ind2=" ">
    <subfield code="a">Los seis ensayos que se presentan en este libro tienen una unidad: la teor&#xED;a como problema. En el primero, "A prop&#xF3;sito de los cl&#xE1;sicos de la sociolog&#xED;a": se hace un conciso recuento del desenvolvimiento de la teor&#xED;a sociol&#xF3;gica en el siglo xx, destacando el sentido de sus variaciones a lo largo del tiempo. Se reivindica en &#xE9;l la vigencia de los cl&#xE1;sicos y se aporta una muestra de la vigorosa proyecci&#xF3;n de los mismos en la actualidad. Los cuatro ensayos siguientes tambi&#xE9;n se refieren a la teor&#xED;a como problema pero se sit&#xFA;an en el plano de la teor&#xED;a del conocimiento: detras de sus an&#xE1;lisis est&#xE1;n las preguntas de c&#xF3;mo es posible conocer los fen&#xF3;menos y hasta d&#xF3;nde se puede conocer. Veamos: Fernando Uricoechea cuestiona la relaci&#xF3;n individuo-sociedad en la teor&#xED;a de Emilio Durkheim. Considera que por su inspiraci&#xF3;n positivista el soci&#xF3;logo franc&#xE9;s le da todo el peso a la sociedad y deja al individuo sin papel activo en la construcci&#xF3;n de lo social. Luz Teresa G&#xF3;mez de Mantilla analiza temas de suma importancia para la fundamentaci&#xF3;n del m&#xE9;todo te&#xF3;rico weberiano, como la irracionalidad-racionalidad, individualidad-generalidad y ser-deber ser conceptual, y por medio de lo que llama "tensionalidades" presenta los argumentos necesarios para precisar la base cient&#xED;fica de la teor&#xED;a weberiana.</subfield>
  </datafield>
  <datafield tag="520" ind1=" " ind2=" ">
    <subfield code="a">Alfonso Piza examina la consistencia del m&#xE9;todo te&#xF3;rico weberiano en la relaci&#xF3;n de los valores con la economia, tomando como referencia La &#xE9;tica protestante y el esp&#xED;ritu del capitalismo. Y Dar&#xED;o Mesa devela en su ensayo sobre las tesis de Feuerbach los fundamento gnoseol&#xF3;gico y de m&#xE9;todo que dan base a la teor&#xED;a de Marx que luego aparecer&#xE1; en La ideolog&#xED;a alemana. Est&#xE1;n all&#xED; en sus dimensiones m&#xE1;s exactas la relaci&#xF3;n sujeto-objeto, la teor&#xED;a, el concepto, la objetividad y los importantes conceptos de Marx: la praxis, la transformaci&#xF3;n y la autotransformaci&#xF3;n. En el sexto y &#xFA;ltimo ensayo, "El concepto de Estado en la obra de Marx. 1842-1847': se vuelve a los textos de juventud, en los que a tenor de su actividad intelectual y pol&#xED;tica Marx fue elaborando, sin propon&#xE9;rselo, un concepto de Estado integrado a una formulaci&#xF3;n macrosociol&#xF3;gica que ha sido considerada por los especialistas como uno de los dos puntos de partida (el otro es Weber) de la sociolog&#xED;a pol&#xED;tica contempor&#xE1;nea. El objetivo del ensayo es el de precisar los elementos constitutivos de ese concepto.</subfield>
  </datafield>
  <datafield tag="588" ind1=" " ind2=" ">
    <subfield code="a">Descripci&#xF3;n basada en metadatos suministrados por el editor y otras fuentes.</subfield>
  </datafield>
  <datafield tag="590" ind1=" " ind2=" ">
    <subfield code="a">Recurso electr&#xF3;nico. Santa Fe, Arg.: elibro, 2021. Disponible v&#xED;a World Wide Web. El acceso puede estar limitado para las bibliotecas afiliadas a elibro.</subfield>
  </datafield>
  <datafield tag="600" ind1="1" ind2="4">
    <subfield code="a">Durkheim, &#xC9;mile,</subfield>
    <subfield code="d">1858-1917</subfield>
    <subfield code="x">Cr&#xED;tica e interpretaci&#xF3;n.</subfield>
  </datafield>
  <datafield tag="600" ind1="1" ind2="4">
    <subfield code="a">Weber, Max,</subfield>
    <subfield code="d">1864-1920</subfield>
    <subfield code="x">Cr&#xED;tica e interpretaci&#xF3;n.</subfield>
  </datafield>
  <datafield tag="600" ind1="1" ind2="4">
    <subfield code="a">Marx, Karl,</subfield>
    <subfield code="d">1818-1883</subfield>
    <subfield code="x">Cr&#xED;tica e interpretaci&#xF3;n.</subfield>
  </datafield>
  <datafield tag="650" ind1=" " ind2="0">
    <subfield code="a">Knowledge, Theory of.</subfield>
  </datafield>
  <datafield tag="650" ind1=" " ind2="0">
    <subfield code="a">Sociology.</subfield>
  </datafield>
  <datafield tag="650" ind1=" " ind2="0">
    <subfield code="a">Philosophy.</subfield>
  </datafield>
  <datafield tag="650" ind1=" " ind2="4">
    <subfield code="a">Teor&#xED;a del conocimiento</subfield>
    <subfield code="x">Aspectos sociales.</subfield>
  </datafield>
  <datafield tag="650" ind1=" " ind2="4">
    <subfield code="a">Sociolog&#xED;a</subfield>
    <subfield code="v">Teor&#xED;as.</subfield>
  </datafield>
  <datafield tag="650" ind1=" " ind2="4">
    <subfield code="a">Filosof&#xED;a y estado.</subfield>
  </datafield>
  <datafield tag="655" ind1=" " ind2="4">
    <subfield code="a">Libros electr&#xF3;nicos.</subfield>
  </datafield>
  <datafield tag="700" ind1="1" ind2=" ">
    <subfield code="a">P&#xE9;rez Rivera, H&#xE9;sper Eduardo,</subfield>
    <subfield code="d">1934-</subfield>
    <subfield code="e">autor.</subfield>
  </datafield>
  <datafield tag="700" ind1="1" ind2=" ">
    <subfield code="a">Piza Rodr&#xED;guez, Luis Alfonso,</subfield>
    <subfield code="d">1946-</subfield>
    <subfield code="e">autor.</subfield>
  </datafield>
  <datafield tag="700" ind1="1" ind2=" ">
    <subfield code="a">G&#xF3;mez de Mantilla, Luz Teresa,</subfield>
    <subfield code="d">1950-</subfield>
    <subfield code="e">autor.</subfield>
  </datafield>
  <datafield tag="700" ind1="1" ind2=" ">
    <subfield code="a">Uricoechea Corena, Fernando,</subfield>
    <subfield code="d">1940-</subfield>
    <subfield code="e">autor.</subfield>
  </datafield>
  <datafield tag="700" ind1="1" ind2=" ">
    <subfield code="a">Mesa Chica, Dar&#xED;o,</subfield>
    <subfield code="d">1921-2016,</subfield>
    <subfield code="e">autor.</subfield>
  </datafield>
  <datafield tag="797" ind1="2" ind2=" ">
    <subfield code="a">elibro, Corp.</subfield>
  </datafield>
  <datafield tag="830" ind1=" " ind2="0">
    <subfield code="a">Colecci&#xF3;n sede ;</subfield>
    <subfield code="v">13.</subfield>
  </datafield>
  <datafield tag="856" ind1="4" ind2="0">
    <subfield code="u">https://elibro.net/ereader/politecnicointernacional/127828</subfield>
  </datafield>
  <datafield tag="999" ind1=" " ind2=" ">
    <subfield code="c">28786</subfield>
    <subfield code="d">28786</subfield>
  </datafield>
</record>
